MATLAB: a practical introduction to programming and problem solving / (Record no. 241)

000 -LEADER
fixed length control field 00450 a2200145 4500
008 - FIXED-LENGTH DATA ELEMENTS--GENERAL INFORMATION
fixed length control field 220322b ||||| |||| 00| 0 eng d
020 ## - INTERNATIONAL STANDARD BOOK NUMBER
International Standard Book Number 9780128045251
082 00 - DEWEY DECIMAL CLASSIFICATION NUMBER
Classification number 518.028553
Item number A8836
100 ## - MAIN ENTRY--PERSONAL NAME
Personal name Attaway, Stormy
245 ## - TITLE STATEMENT
Title MATLAB: a practical introduction to programming and problem solving /
260 ## - PUBLICATION, DISTRIBUTION, ETC. (IMPRINT)
Place of publication, distribution, etc Oxford:
Name of publisher, distributor, etc Butterworth-Heinnemann,
Date of publication, distribution, etc 2017.
300 ## - PHYSICAL DESCRIPTION
Extent xxii, 574 p.
650 #0 - SUBJECT ADDED ENTRY--TOPICAL TERM
Topical term or geographic name as entry element Computer programming
942 ## - ADDED ENTRY ELEMENTS (KOHA)
Source of classification or shelving scheme
Item type Books
Holdings
Withdrawn status Lost status Source of classification or shelving scheme Damaged status Not for loan Permanent location Current location Date acquired Source of acquisition Cost, normal purchase price Full call number Barcode Date last seen Cost, replacement price Koha item type Total Checkouts Total Renewals Date last borrowed
          IMU Kolkata IMU Kolkata 2019-09-16 Sterling Book House 3110.27 518.028553 A8836 13183 2019-09-16 3887.84 Books      
          IMU Kolkata IMU Kolkata 2019-09-16 Sterling Book House 3110.27 518.028553 A8836 13184 2025-08-08 3887.84 Books 3 1 2025-04-07
          IMU Kolkata IMU Kolkata 2019-09-16 Sterling Book House 3110.27 518.028553 A8836 13185 2019-09-16 3887.84 Books      
          IMU Kolkata IMU Kolkata 2019-09-16 Sterling Book House 3110.27 518.028553 A8836 13186 2019-09-16 3887.84 Books      
Designed and Maintained by IMU-KC Library, Kolkata Campus © Copyright All Rights Reserved

webs counters

Powered by Koha